[Event "Barcelona CC 4th"]
[Site "Barcelona"]
[Date "2016.10.24"]
[Round "2.4"]
[White "Soler Font, Tomas"]
[Black "Cano Sevila, Ivan"]
[Result "0-1"]
[WhiteElo "2002"]
[BlackElo "2114"]
[PlyCount "62"]
[EventDate "2016.10.17"]
[EventType "swiss"]
[EventRounds "8"]
[EventCountry "ESP"]
[SourceTitle "EXT 2024"]
[Source "ChessBase"]
[SourceDate "2023.10.10"]
[SourceVersion "1"]
[SourceVersionDate "2023.10.10"]
[SourceQuality "1"]

1. b3 d5 2. Bb2 Bf5 3. Nf3 e6 4. e3 Nf6 5. Nc3 c6 6. Nh4 Bg4 7. Be2 Bxe2 8. Qxe2 Be7 9. Nf3 Nbd7 10. e4 Nc5 11. e5 Nfe4 12. d3 Nxc3 13. Bxc3 a5 14. 0-0 0-0 15. Rfe1 Na6 16. a3 b5 17. d4 Qb6 18. Bd2 c5 19. c3 cxd4 20. Nxd4 b4 21. axb4 axb4 22. Be3 Bc5 23. cxb4 Bxd4 24. Bxd4 Qxd4 25. Rxa6 Rxa6 26. Qxa6 Qxb4 27. Re3 d4 28. Re4 Rd8 29. Qd3 Qc3 30. Qc4 Rc8 31. Rxd4 Qa1+ 0-1

[Event "Barcelona Vila Gracia Seniors 55 op 3rd"]
[Site "Barcelona"]
[Date "2016.03.14"]
[Round "2.10"]
[White "Vallbona Domingo, Joan"]
[Black "Soler Font, Tomas"]
[Result "1-0"]
[WhiteElo "1942"]
[BlackElo "1834"]
[PlyCount "47"]
[EventDate "2016.03.07"]
[EventType "swiss"]
[EventRounds "8"]
[EventCountry "ESP"]
[SourceTitle "EXT 2024"]
[Source "ChessBase"]
[SourceDate "2023.10.10"]
[SourceVersion "1"]
[SourceVersionDate "2023.10.10"]
[SourceQuality "1"]

1. c4 e5 2. Nc3 Nf6 3. Nf3 e4 4. Ng5 Qe7 5. Qc2 d5 6. cxd5 Bf5 7. f3 Qc5 8. Ngxe4 Nxe4 9. fxe4 Bg6 10. Qa4+ c6 11. d4 Qe7 12. e5 Qb4 13. d6 Qxa4 14. Nxa4 Na6 15. a3 b5 16. e3 Nb8 17. Nc5 a5 18. Be2 Ra7 19. Bf3 Bf5 20. 0-0 g6 21. Bd2 h5 22. Rac1 Bd7 23. Be4 Bg7 24. Nxd7 1-0

[Event "Barcelona Tupinamba op 9th"]
[Site "Barcelona"]
[Date "2014.03.19"]
[Round "2"]
[White "Soler Font, Tomas"]
[Black "Dominguez Rueda, Juan"]
[Result "0-1"]
[WhiteElo "1966"]
[BlackElo "2209"]
[PlyCount "38"]
[EventDate "2014.03.12"]
[EventType "swiss"]
[EventRounds "9"]
[EventCountry "ESP"]
[SourceTitle "EXT 2016"]
[Source "ChessBase"]
[SourceDate "2015.10.08"]
[SourceVersion "1"]
[SourceVersionDate "2015.10.08"]
[SourceQuality "1"]

1. e4 e6 2. d4 d5 3. e5 c5 4. c3 Nc6 5. Nf3 Qb6 6. a3 c4 7. Nbd2 Na5 8. Rb1 Bd7 9. b4 cxb3 10. Nxb3 Ba4 11. Nfd2 Rc8 12. Qf3 Nxb3 13. Nxb3 Bxb3 14. Be2 Ne7 15. a4 Nc6 16. Qg3 Na5 17. Bd1 Rc4 18. Qd3 Qc6 19. Bxb3 Rxc3 0-1